000
00309nam a2200121Ia 4500
008
191201s1997 xx 000 0 und d
100
_a
TURTON, N D
245
0
_a
Longman Dictionary of Common Errors
260
_a
N.Delhi
_b
Pearson Education
_c
1997
300
_a
375
650
_a
General Books
942
_2
ddc
_c
BK
999
_c
2425
_d
2425